000 00614nam a2200181 i 4500
001 17498
003 ES-MaACL
005 20230906151612.0
007 t|
008 010319s2000 sp ||||1| spa d
080 _a74 Granados Valdés, Antonio
100 1 _aGranados Valdés, Antonio.
_959565
245 1 3 _aLa aventura de la línea
_b: dibujos 1940-2000 /
_cGranados Valdés.
260 _aMadrid :
_bAntonio Granados Valdés,
_c2000.
300 _a150 p. :
_bprincipalmente il. ;
_c30 cm.
600 1 4 _aGranados Valdés, Antonio.
_959565
852 _aES-MaACL
_jL-24265
_bR.129541
_q. - Ded. autógr. del autor
999 _c17498
_d17498